{"text_format":"3","workbook":"xlsx","n_sheets":1,"sheets":["t574"],"read":"whole","date_system":"1900"}

{"sheet":"t574","index":0,"n_rows":219,"n_cols":7,"rows_kept":219,"merged":[[0,0,0,6],[30,0,30,5],[51,0,51,5],[149,0,149,5]]}
["TABELA 574.1 - Estatísticas Agrícolas, Município de Socorro, Estado de São Paulo, 2007/08."]
["ITEM","UNIDADE","N.DE UPAs","MÍNIMO","MÉDIO","MÁXIMO","TOTAL"]
["Distância à sede do município","km",{"v":2482,"d":"2,482"},0.1,{"v":12.63,"d":"12.6"},{"v":24,"d":"24.0"},"-"]
["Área total","hectare",{"v":2482,"d":"2,482"},0.1,{"v":16.21,"d":"16.2"},544.5,{"v":40230.4,"d":"40,230.4"}]
["Área com cultura perene","hectare",{"v":1132,"d":"1,132"},0.1,{"v":2.86,"d":"2.9"},{"v":210,"d":"210.0"},{"v":3238.2,"d":"3,238.2"}]
["Área com cultura temporária","hectare",946,0.1,{"v":2.76,"d":"2.8"},{"v":38,"d":"38.0"},{"v":2612.8,"d":"2,612.8"}]
["Área com pastagem","hectare",{"v":2127,"d":"2,127"},0.1,{"v":13.88,"d":"13.9"},{"v":415,"d":"415.0"},{"v":29529,"d":"29,529.0"}]
["Área com reflorestamento","hectare",413,0.1,{"v":2.97,"d":"3.0"},{"v":90,"d":"90.0"},{"v":1227.6,"d":"1,227.6"}]
["Área com vegetação natural","hectare",817,0.1,{"v":2.77,"d":"2.8"},{"v":100,"d":"100.0"},{"v":2262.9,"d":"2,262.9"}]
["Área com vegetação de brejo e várzea","hectare",4,0.1,{"v":0.35,"d":"0.4"},0.6,1.4]
["Área em descanso","hectare",13,0.1,{"v":1.62,"d":"1.6"},{"v":13,"d":"13.0"},21.1]
["Área complementar","hectare",{"v":2072,"d":"2,072"},0.1,{"v":0.65,"d":"0.7"},{"v":15,"d":"15.0"},{"v":1337.4,"d":"1,337.4"}]
["Área das UPAs com (0, 1] ha","hectare",115,0.1,{"v":0.63,"d":"0.6"},{"v":1,"d":"1.0"},72.8]
["Área das UPAs com (1, 2] ha","hectare",218,1.1,{"v":1.51,"d":"1.5"},{"v":2,"d":"2.0"},328.2]
["Área das UPAs com (2, 5] ha","hectare",664,2.1,{"v":3.47,"d":"3.5"},{"v":5,"d":"5.0"},{"v":2304.5,"d":"2,304.5"}]
["Área das UPAs com (5, 10] ha","hectare",530,5.1,{"v":7.33,"d":"7.3"},{"v":10,"d":"10.0"},{"v":3883.6,"d":"3,883.6"}]
["Área das UPAs com (10, 20] ha","hectare",426,10.1,{"v":14.39,"d":"14.4"},{"v":20,"d":"20.0"},{"v":6129.7,"d":"6,129.7"}]
["Área das UPAs com (20, 50] ha","hectare",382,20.1,{"v":30.98,"d":"31.0"},{"v":50,"d":"50.0"},{"v":11832.7,"d":"11,832.7"}]
["Área das UPAs com (50, 100] ha","hectare",99,50.5,{"v":68.87,"d":"68.9"},99.2,{"v":6817.9,"d":"6,817.9"}]
["Área das UPAs com (100, 200] ha","hectare",35,101.4,{"v":128.03,"d":"128.0"},181.5,{"v":4481.1,"d":"4,481.1"}]
["Área das UPAs com (200, 500] ha","hectare",12,203.2,{"v":319.62,"d":"319.6"},{"v":484,"d":"484.0"},{"v":3835.4,"d":"3,835.4"}]
["Área das UPAs com (500, 1.000] ha","hectare",1,544.5,544.5,544.5,544.5]
["Área das UPAs com (1.000, 2.000] ha","hectare","-","-","-","-","-"]
["Área das UPAs com (2.000, 5.000] ha","hectare","-","-","-","-","-"]
["Área das UPAs com (5.000, 10.000] ha","hectare","-","-","-","-","-"]
["Área das UPAs acima de 10.000 ha","hectare","-","-","-","-","-"]
["Familiares do proprietário que trabalham na UPA","unidade",{"v":2211,"d":"2,211"},{"v":1,"d":"1.0"},{"v":1.43,"d":"1.4"},{"v":13,"d":"13.0"},{"v":3171,"d":"3,171.0"}]
["Trabalhadores permanentes","unidade",320,{"v":1,"d":"1.0"},{"v":1.74,"d":"1.7"},{"v":10,"d":"10.0"},{"v":558,"d":"558.0"}]
["Fonte: Secretaria de Agricultura e Abastecimento, CDRS/IEA, Projeto LUPA."]
[]
["TABELA 574.2 - Explorações Animais, Município de Socorro, Estado de São Paulo, 2007/08."]
["ITEM","UNIDADE","N.DE UPAs","MÍNIMO","MÉDIO","MÁXIMO","TOTAL"]
["Apicultura","colmeias",15,{"v":2,"d":"2.0"},{"v":14.87,"d":"14.9"},{"v":65,"d":"65.0"},{"v":223,"d":"223.0"}]
["Asininos E Muares","cabeças",9,{"v":1,"d":"1.0"},{"v":2.56,"d":"2.6"},{"v":7,"d":"7.0"},{"v":23,"d":"23.0"}]
["Avicultura de Corte","cabeças/ano",24,{"v":10000,"d":"10,000.0"},{"v":62400,"d":"62,400.0"},{"v":500000,"d":"500,000.0"},{"v":1497600,"d":"1,497,600.0"}]
["Avicultura Ornamental/Decorativa/Exótica","cabeças",1,{"v":50,"d":"50.0"},{"v":50,"d":"50.0"},{"v":50,"d":"50.0"},{"v":50,"d":"50.0"}]
["Avicultura para Ovos","cabeças",1,{"v":65000,"d":"65,000.0"},{"v":65000,"d":"65,000.0"},{"v":65000,"d":"65,000.0"},{"v":65000,"d":"65,000.0"}]
["Bovinocultura de Corte","cabeças",{"v":1429,"d":"1,429"},{"v":1,"d":"1.0"},{"v":17.84,"d":"17.8"},{"v":600,"d":"600.0"},{"v":25496,"d":"25,496.0"}]
["Bovinocultura Leiteira","cabeças",9,{"v":1,"d":"1.0"},{"v":30.56,"d":"30.6"},{"v":100,"d":"100.0"},{"v":275,"d":"275.0"}]
["Bovinocultura Mista","cabeças",537,{"v":1,"d":"1.0"},{"v":22.54,"d":"22.5"},{"v":400,"d":"400.0"},{"v":12103,"d":"12,103.0"}]
["Bubalinocultura","cabeças",3,{"v":2,"d":"2.0"},{"v":46,"d":"46.0"},{"v":130,"d":"130.0"},{"v":138,"d":"138.0"}]
["Caprinocultura","cabeças",7,{"v":2,"d":"2.0"},{"v":11.86,"d":"11.9"},{"v":50,"d":"50.0"},{"v":83,"d":"83.0"}]
["Carcinocultura","pós-larvas",1,{"v":10,"d":"10.0"},{"v":10,"d":"10.0"},{"v":10,"d":"10.0"},{"v":10,"d":"10.0"}]
["Codornicultura","cabeças",1,{"v":4000,"d":"4,000.0"},{"v":4000,"d":"4,000.0"},{"v":4000,"d":"4,000.0"},{"v":4000,"d":"4,000.0"}]
["Cunicultura","cabeças",1,{"v":20,"d":"20.0"},{"v":20,"d":"20.0"},{"v":20,"d":"20.0"},{"v":20,"d":"20.0"}]
["Equinocultura","cabeças",283,{"v":1,"d":"1.0"},{"v":2.87,"d":"2.9"},{"v":84,"d":"84.0"},{"v":811,"d":"811.0"}]
["Ovinocultura","cabeças",31,{"v":3,"d":"3.0"},{"v":76.03,"d":"76.0"},{"v":400,"d":"400.0"},{"v":2357,"d":"2,357.0"}]
["Piscicultura","m² tanques",58,{"v":1,"d":"1.0"},{"v":10285.38,"d":"10,285.4"},{"v":70000,"d":"70,000.0"},{"v":596552,"d":"596,552.0"}]
["Suinocultura","cabeças",20,{"v":10,"d":"10.0"},412.8,{"v":2500,"d":"2,500.0"},{"v":8256,"d":"8,256.0"}]
["Fonte: Secretaria de Agricultura e Abastecimento, CDRS/IEA, Projeto LUPA."]
[]
["TABELA 574.3 -  Máquinas, Implementos e Benfeitorias, Município de Socorro, Estado de São Paulo, 2007/08."]
["ITEM","UNIDADE","N.DE UPAs","MÍNIMO","MÉDIO","MÁXIMO","TOTAL"]
["Arado Comum (Bacia, Aiveca)","Unidade",2,{"v":1,"d":"1.0"},2.5,{"v":4,"d":"4.0"},{"v":5,"d":"5.0"}]
["Arado Escarificador","Unidade",5,{"v":1,"d":"1.0"},{"v":1,"d":"1.0"},{"v":1,"d":"1.0"},{"v":5,"d":"5.0"}]
["Arado Subsolador","Unidade",3,{"v":1,"d":"1.0"},{"v":1.67,"d":"1.7"},{"v":3,"d":"3.0"},{"v":5,"d":"5.0"}]
["Batedeira de Cereais","Unidade",20,{"v":1,"d":"1.0"},{"v":1,"d":"1.0"},{"v":1,"d":"1.0"},{"v":20,"d":"20.0"}]
["Colhedeira Acoplada","Unidade",3,{"v":1,"d":"1.0"},{"v":1,"d":"1.0"},{"v":1,"d":"1.0"},{"v":3,"d":"3.0"}]
["Conj.Irrigação Convencional","Unidade",89,{"v":1,"d":"1.0"},{"v":1.09,"d":"1.1"},{"v":3,"d":"3.0"},{"v":97,"d":"97.0"}]
["Conjunto de Fenação","Unidade",1,{"v":1,"d":"1.0"},{"v":1,"d":"1.0"},{"v":1,"d":"1.0"},{"v":1,"d":"1.0"}]
["Desintegrador, Picador, Triturador","Unidade",616,{"v":1,"d":"1.0"},{"v":1.02,"d":"1.0"},{"v":2,"d":"2.0"},{"v":627,"d":"627.0"}]
["Ensiladeira","Unidade",59,{"v":1,"d":"1.0"},{"v":1,"d":"1.0"},{"v":1,"d":"1.0"},{"v":59,"d":"59.0"}]
["Grade Aradora (Tipo Romi)","Unidade",2,{"v":1,"d":"1.0"},{"v":1,"d":"1.0"},{"v":1,"d":"1.0"},{"v":2,"d":"2.0"}]
["Microtrator","Unidade",2,{"v":1,"d":"1.0"},{"v":1,"d":"1.0"},{"v":1,"d":"1.0"},{"v":2,"d":"2.0"}]
["Misturador de Ração","Unidade",15,{"v":1,"d":"1.0"},{"v":1,"d":"1.0"},{"v":1,"d":"1.0"},{"v":15,"d":"15.0"}]
["Ordenhadeira Mecânica","Unidade",9,{"v":1,"d":"1.0"},{"v":1.11,"d":"1.1"},{"v":2,"d":"2.0"},{"v":10,"d":"10.0"}]
["Pulverizador Tratorizado","Unidade",79,{"v":1,"d":"1.0"},{"v":1.06,"d":"1.1"},{"v":3,"d":"3.0"},{"v":84,"d":"84.0"}]
["Resfriador de Leite, Tanque Expansão","Unidade",12,{"v":1,"d":"1.0"},{"v":1,"d":"1.0"},{"v":1,"d":"1.0"},{"v":12,"d":"12.0"}]
["Semeadeira/Plantadeira Plantio Direto","Unidade",1,{"v":1,"d":"1.0"},{"v":1,"d":"1.0"},{"v":1,"d":"1.0"},{"v":1,"d":"1.0"}]
["Trator de Pneus","Unidade",271,{"v":1,"d":"1.0"},{"v":1.17,"d":"1.2"},{"v":7,"d":"7.0"},{"v":317,"d":"317.0"}]
["Açude/Represa","Unidade",341,{"v":1,"d":"1.0"},1.9,{"v":9,"d":"9.0"},{"v":648,"d":"648.0"}]
["Alambique","Unidade",12,{"v":1,"d":"1.0"},{"v":1,"d":"1.0"},{"v":1,"d":"1.0"},{"v":12,"d":"12.0"}]
["Almoxarifado/Oficina","Unidade",16,{"v":1,"d":"1.0"},{"v":1,"d":"1.0"},{"v":1,"d":"1.0"},{"v":16,"d":"16.0"}]
["Armazém para Grãos Ensacados","Sacas",6,{"v":1,"d":"1.0"},{"v":1,"d":"1.0"},{"v":1,"d":"1.0"},{"v":6,"d":"6.0"}]
["Balança para Bovinos","Unidade",5,{"v":1,"d":"1.0"},{"v":1,"d":"1.0"},{"v":1,"d":"1.0"},{"v":5,"d":"5.0"}]
["Balança para Veículos","Unidade",5,{"v":1,"d":"1.0"},{"v":1,"d":"1.0"},{"v":1,"d":"1.0"},{"v":5,"d":"5.0"}]
["Barracão para Granja/Avicultura","Unidade",37,{"v":1,"d":"1.0"},{"v":2.62,"d":"2.6"},{"v":11,"d":"11.0"},{"v":97,"d":"97.0"}]
["Barracão/Galpão/Garagem","Unidade",340,{"v":1,"d":"1.0"},{"v":1.17,"d":"1.2"},{"v":7,"d":"7.0"},{"v":399,"d":"399.0"}]
["Biodigestor","Unidade",2,{"v":1,"d":"1.0"},{"v":1,"d":"1.0"},{"v":1,"d":"1.0"},{"v":2,"d":"2.0"}]
["Casa de Moradia Habitada","Unidade",{"v":1288,"d":"1,288"},{"v":1,"d":"1.0"},{"v":1.64,"d":"1.6"},{"v":26,"d":"26.0"},{"v":2116,"d":"2,116.0"}]
["Casa de Moradia Total","Unidade",{"v":1481,"d":"1,481"},{"v":1,"d":"1.0"},{"v":1.86,"d":"1.9"},{"v":26,"d":"26.0"},{"v":2754,"d":"2,754.0"}]
["Curral/Mangueira","Unidade",{"v":1033,"d":"1,033"},{"v":1,"d":"1.0"},{"v":1.03,"d":"1.0"},{"v":3,"d":"3.0"},{"v":1066,"d":"1,066.0"}]
["Depósito/Tulha","Unidade",{"v":1147,"d":"1,147"},{"v":1,"d":"1.0"},{"v":1.16,"d":"1.2"},{"v":10,"d":"10.0"},{"v":1333,"d":"1,333.0"}]
["Engenho","Unidade",1,{"v":1,"d":"1.0"},{"v":1,"d":"1.0"},{"v":1,"d":"1.0"},{"v":1,"d":"1.0"}]
["Estábulo","Unidade",20,{"v":1,"d":"1.0"},{"v":1.05,"d":"1.1"},{"v":2,"d":"2.0"},{"v":21,"d":"21.0"}]
["Estufa/Plasticultura","m²",8,{"v":400,"d":"400.0"},{"v":1100,"d":"1,100.0"},{"v":2000,"d":"2,000.0"},{"v":8800,"d":"8,800.0"}]
["Fábrica de Ração","Unidade",2,{"v":1,"d":"1.0"},{"v":1,"d":"1.0"},{"v":1,"d":"1.0"},{"v":2,"d":"2.0"}]
["Instalações para Equinos","Unidade",22,{"v":1,"d":"1.0"},{"v":4.86,"d":"4.9"},{"v":28,"d":"28.0"},{"v":107,"d":"107.0"}]
["Máquina de Benefício","Unidade",5,{"v":1,"d":"1.0"},1.2,{"v":2,"d":"2.0"},{"v":6,"d":"6.0"}]
["Olaria","Unidade",25,{"v":1,"d":"1.0"},1.2,{"v":2,"d":"2.0"},{"v":30,"d":"30.0"}]
["Packing House","Unidade",1,{"v":1,"d":"1.0"},{"v":1,"d":"1.0"},{"v":1,"d":"1.0"},{"v":1,"d":"1.0"}]
["Pocilga","Unidade",35,{"v":1,"d":"1.0"},2.2,{"v":12,"d":"12.0"},{"v":77,"d":"77.0"}]
["Poço Semi-Artesiano","Unidade",11,{"v":1,"d":"1.0"},{"v":1.09,"d":"1.1"},{"v":2,"d":"2.0"},{"v":12,"d":"12.0"}]
["Secador de Grãos","Unidade",2,{"v":1,"d":"1.0"},{"v":1,"d":"1.0"},{"v":1,"d":"1.0"},{"v":2,"d":"2.0"}]
["Silo para Grãos","t",5,{"v":14,"d":"14.0"},352.8,{"v":1080,"d":"1,080.0"},{"v":1764,"d":"1,764.0"}]
["Silo para Silagem","t",17,{"v":20,"d":"20.0"},{"v":12869.41,"d":"12,869.4"},{"v":216000,"d":"216,000.0"},{"v":218780,"d":"218,780.0"}]
["Terreiro","m²",239,{"v":1,"d":"1.0"},{"v":263.54,"d":"263.5"},{"v":2150,"d":"2,150.0"},{"v":62985,"d":"62,985.0"}]
["Usina de Açúcar/destilaria","Unidade",1,{"v":1,"d":"1.0"},{"v":1,"d":"1.0"},{"v":1,"d":"1.0"},{"v":1,"d":"1.0"}]
["Fonte: Secretaria de Agricultura e Abastecimento, CDRS/IEA, Projeto LUPA."]
[]
["TABELA 574.4 - Outras Estatísticas Agrícolas, Município de Socorro, Estado de São Paulo, 2007/08."]
["ITEM","Número de UPAs",null,"Percentual"]
["Faz Parte de Associação de Produtores",3,null,{"v":0.12082158679017319,"d":"0.1"}]
["Faz Parte de Cooperativa de Produtores",4,null,{"v":0.16109544905356424,"d":"0.2"}]
["Faz Parte do Sindicato de Produtores",63,null,{"v":2.537253322593637,"d":"2.5"}]
["Não utiliza assistência técnica ",{"v":2398,"d":"2,398"},null,{"v":96.57672170761175,"d":"96.6"}]
["Utiliza somente assistência técnica governamental ",24,null,{"v":0.9665726943213854,"d":"1.0"}]
["Utiliza somente assistência técnica privada ",10,null,{"v":0.4027386226339106,"d":"0.4"}]
["Utiliza assistência técnica tanto governamental quanto privada",50,null,{"v":2.0136931131695532,"d":"2.0"}]
["Utiliza Crédito Rural",10,null,{"v":0.4027386226339106,"d":"0.4"}]
["Utiliza Seguro Rural","-",null,"-"]
["Utiliza Escrituração Agrícola",11,null,{"v":0.44301248489730166,"d":"0.4"}]
["Acessa Internet p/ Fins na Agropecuária",6,null,{"v":0.24164317358034637,"d":"0.2"}]
["Utiliza Computador nas Atividades Agropecuárias",3,null,{"v":0.12082158679017319,"d":"0.1"}]
["Utiliza Energia Elétrica Para Uso na Atividade Agrícola",573,null,{"v":23.076923076923077,"d":"23.1"}]
["Realiza Análise de Solo, quando necessário","-",null,"-"]
["Utiliza Práticas de Conservação de Solo, quando necessário",9,null,{"v":0.36246476037051956,"d":"0.4"}]
["Faz Adubação Mineral, quando necessário",103,null,{"v":4.148207813129279,"d":"4.1"}]
["Faz Adubação Orgânica, quando necessário",25,null,{"v":1.0068465565847766,"d":"1.0"}]
["Faz Adubação Verde, quando necessário",3,null,{"v":0.12082158679017319,"d":"0.1"}]
["Utiliza Manejo Integrado de Pragas (MIP)","-",null,"-"]
["Utiliza Hidroponia","-",null,"-"]
["Utiliza Plasticultura",4,null,{"v":0.16109544905356424,"d":"0.2"}]
["Utiliza Mudas Fiscalizadas",7,null,{"v":0.28191703584373745,"d":"0.3"}]
["Utiliza Semente Melhorada",375,null,{"v":15.102698348771648,"d":"15.1"}]
["Faz Confinamento de Bovinos",19,null,{"v":0.7652033830044302,"d":"0.8"}]
["Utiliza Pastejo Intensivo",12,null,{"v":0.48328634716069274,"d":"0.5"}]
["Faz Inseminação Artificial",2,null,{"v":0.08054772452678212,"d":"0.1"}]
["Faz Mineralização do Rebanho",501,null,{"v":20.17720499395892,"d":"20.2"}]
["Faz Vermifugação do Rebanho",507,null,{"v":20.418848167539267,"d":"20.4"}]
["Possui Parceiros /Arrendatários na Exploração Animal",17,null,{"v":0.6846556584776481,"d":"0.7"}]
["Esporte e lazer","-",null,"-"]
["Extração mineral","-",null,"-"]
["Hotel Fazenda, Pousada ou SPA",2,null,{"v":0.08054772452678212,"d":"0.1"}]
["Pesque-pague",2,null,{"v":0.08054772452678212,"d":"0.1"}]
["Restaurante ou Lanchonete",1,null,{"v":0.04027386226339106,"d":"0.0"}]
["Transformação artesanal",1,null,{"v":0.04027386226339106,"d":"0.0"}]
["Turismo rural ou ecoturismo","-",null,"-"]
["Outras atividades econômicas rurais",3,null,{"v":0.12082158679017319,"d":"0.1"}]
["Agroindústria",1,null,{"v":0.04027386226339106,"d":"0.0"}]
["Proprietário sem instrução ou com instrução incompleta",61,null,{"v":2.4567055980668546,"d":"2.5"}]
["Proprietário com antigo primário completo",{"v":1858,"d":"1,858"},null,{"v":74.82883608538059,"d":"74.8"}]
["Proprietário com 1° grau (ou antigo ginasial) completo",245,null,{"v":9.867096254530809,"d":"9.9"}]
["Proprietário com 2° grau (ou antigo colegial) completo",148,null,{"v":5.960531614981877,"d":"6.0"}]
["Proprietário com curso superior completo ",168,null,{"v":6.7660088602496975,"d":"6.8"}]
["Pessoa Jurídica",2,null,{"v":0.08054772452678212,"d":"0.1"}]
["Proprietário residente na própria UPA ",926,null,{"v":37.293596455900115,"d":"37.3"}]
["Fonte: Secretaria de Agricultura e Abastecimento, CDRS/IEA, Projeto LUPA."]
[]
["TABELA 574.5 - Área Cultivada, Município de Socorro, Estado de São Paulo, 2007/08."]
["CULTURA","N.DE UPAs","MÍNIMO","MÉDIO","MÁXIMO","TOTAL"]
["Braquiaria",{"v":1694,"d":"1,694"},0.1,{"v":12.96,"d":"13.0"},{"v":350,"d":"350.0"},{"v":21958.8,"d":"21,958.8"}]
["Outras gramineas para pastagem",{"v":1236,"d":"1,236"},0.1,{"v":5.76,"d":"5.8"},152.6,{"v":7122.3,"d":"7,122.3"}]
["Cafe",829,0.1,{"v":2.93,"d":"2.9"},{"v":65,"d":"65.0"},{"v":2430.3,"d":"2,430.3"}]
["Milho",694,0.1,{"v":2.53,"d":"2.5"},{"v":35,"d":"35.0"},{"v":1753.6,"d":"1,753.6"}]
["Eucalipto",410,0.1,{"v":2.99,"d":"3.0"},{"v":90,"d":"90.0"},{"v":1225.3,"d":"1,225.3"}]
["Tangerina",249,0.1,{"v":1.81,"d":"1.8"},{"v":32,"d":"32.0"},450.9]
["Cana-de-acucar",229,0.1,{"v":1.33,"d":"1.3"},15.7,305.1]
["Capim-napier (ou capim-elefante)",174,0.1,{"v":1.62,"d":"1.6"},{"v":50,"d":"50.0"},281.9]
["Laranja",18,0.1,{"v":13.92,"d":"13.9"},{"v":210,"d":"210.0"},250.5]
["Feijao",109,0.1,1.6,{"v":20,"d":"20.0"},174.3]
["Coloniao",3,{"v":3,"d":"3.0"},{"v":37.67,"d":"37.7"},{"v":80,"d":"80.0"},{"v":113,"d":"113.0"}]
["Mandioquinha",17,0.5,{"v":6.14,"d":"6.1"},{"v":24,"d":"24.0"},104.4]
["Batata-inglesa (ou batata, ou batatinha)",31,0.4,{"v":2.84,"d":"2.8"},{"v":8,"d":"8.0"},88.1]
["Couve-flor",34,0.1,{"v":1.37,"d":"1.4"},{"v":6,"d":"6.0"},46.6]
["Capim-gordura",1,{"v":27,"d":"27.0"},{"v":27,"d":"27.0"},{"v":27,"d":"27.0"},{"v":27,"d":"27.0"}]
["Gramas",2,{"v":4,"d":"4.0"},{"v":13,"d":"13.0"},{"v":22,"d":"22.0"},{"v":26,"d":"26.0"}]
["Pomar domestico",118,0.1,{"v":0.21,"d":"0.2"},{"v":1,"d":"1.0"},25.3]
["Banana",38,{"v":0.05,"d":"0.1"},{"v":0.66,"d":"0.7"},2.4,{"v":25.05,"d":"25.1"}]
["Abacate",36,{"v":0.05,"d":"0.1"},{"v":0.68,"d":"0.7"},{"v":3,"d":"3.0"},{"v":24.55,"d":"24.6"}]
["Pimentao",32,0.1,{"v":0.54,"d":"0.5"},{"v":2,"d":"2.0"},17.3]
["Abobora (ou jerimum)",31,0.1,{"v":0.44,"d":"0.4"},{"v":1,"d":"1.0"},13.6]
["Milho-silagem",2,{"v":6,"d":"6.0"},6.5,{"v":7,"d":"7.0"},{"v":13,"d":"13.0"}]
["Sorgo-vassoura",7,0.2,{"v":1.63,"d":"1.6"},{"v":7,"d":"7.0"},11.4]
["Tomate envarado",15,0.1,{"v":0.72,"d":"0.7"},{"v":3,"d":"3.0"},10.8]
["Morango",19,0.2,{"v":0.48,"d":"0.5"},1.8,9.2]
["Feijao-vagem (ou vagem, ou feijao-verde)",18,0.2,{"v":0.42,"d":"0.4"},{"v":1,"d":"1.0"},7.5]
["Alface",13,0.1,{"v":0.54,"d":"0.5"},{"v":2,"d":"2.0"},{"v":7,"d":"7.0"}]
["Limao",9,0.1,{"v":0.74,"d":"0.7"},{"v":5,"d":"5.0"},6.7]
["Chuchu",8,0.1,{"v":0.76,"d":"0.8"},{"v":2,"d":"2.0"},6.1]
["Sorgo",1,{"v":6,"d":"6.0"},{"v":6,"d":"6.0"},{"v":6,"d":"6.0"},{"v":6,"d":"6.0"}]
["Lichia",4,0.1,{"v":1.38,"d":"1.4"},{"v":3,"d":"3.0"},5.5]
["Outras olericolas",7,0.2,{"v":0.67,"d":"0.7"},1.6,4.7]
["Mandioca",8,0.1,{"v":0.59,"d":"0.6"},{"v":2,"d":"2.0"},4.7]
["Pepino",9,0.3,{"v":0.52,"d":"0.5"},{"v":1,"d":"1.0"},4.7]
["Manga",6,0.1,{"v":0.73,"d":"0.7"},1.5,4.4]
["Cara (ou acara)",1,{"v":4,"d":"4.0"},{"v":4,"d":"4.0"},{"v":4,"d":"4.0"},{"v":4,"d":"4.0"}]
["Batata-doce",3,0.5,{"v":1.33,"d":"1.3"},{"v":2,"d":"2.0"},{"v":4,"d":"4.0"}]
["Uva rustica",7,0.1,{"v":0.49,"d":"0.5"},1.2,3.4]
["Repolho",5,0.1,{"v":0.62,"d":"0.6"},{"v":1,"d":"1.0"},3.1]
["Caqui",4,0.1,{"v":0.68,"d":"0.7"},1.5,2.7]
["Brocolos (ou brocolis)",4,0.3,{"v":0.65,"d":"0.7"},{"v":1,"d":"1.0"},2.6]
["Chicoria (ou chicoria-de-folha-crespa)",4,0.1,{"v":0.58,"d":"0.6"},{"v":1,"d":"1.0"},2.3]
["Lima",2,0.2,1.1,{"v":2,"d":"2.0"},2.2]
["Cacau",1,{"v":2,"d":"2.0"},{"v":2,"d":"2.0"},{"v":2,"d":"2.0"},{"v":2,"d":"2.0"}]
["Horta domestica",7,0.1,{"v":0.27,"d":"0.3"},{"v":1,"d":"1.0"},1.9]
["Cenoura",7,0.1,{"v":0.27,"d":"0.3"},0.5,1.9]
["Figo-da-india",1,1.8,1.8,1.8,1.8]
["Arroz",3,0.2,{"v":0.57,"d":"0.6"},{"v":1,"d":"1.0"},1.7]
["Outras frutiferas",3,0.2,{"v":0.47,"d":"0.5"},0.8,1.4]
["Outras florestais",2,0.1,{"v":0.65,"d":"0.7"},1.2,1.3]
["Araucaria (ou pinheiro-do-parana)",1,{"v":1,"d":"1.0"},{"v":1,"d":"1.0"},{"v":1,"d":"1.0"},{"v":1,"d":"1.0"}]
["Berinjela",2,0.2,0.3,0.4,0.6]
["Algodao",1,0.5,0.5,0.5,0.5]
["Gengibre",1,0.5,0.5,0.5,0.5]
["Beterraba",2,0.2,{"v":0.25,"d":"0.3"},0.3,0.5]
["Bambu",1,0.5,0.5,0.5,0.5]
["Tangor",1,0.3,0.3,0.3,0.3]
["Couve (ou couve-crespa)",2,0.1,{"v":0.15,"d":"0.2"},0.2,0.3]
["Maracuja",1,0.2,0.2,0.2,0.2]
["Goiaba",1,0.2,0.2,0.2,0.2]
["Bucha",1,0.2,0.2,0.2,0.2]
["Cebolinha",1,0.2,0.2,0.2,0.2]
["Fruta-do-conde (ou pinha, ou anona)",1,0.2,0.2,0.2,0.2]
["Jabuticaba",2,0.1,0.1,0.1,0.2]
["Tangelo",1,0.1,0.1,0.1,0.1]
["Alho",1,0.1,0.1,0.1,0.1]
["Fumo",1,0.1,0.1,0.1,0.1]
["Fonte: Secretaria de Agricultura e Abastecimento, CDRS/IEA, Projeto LUPA."]